Quizzes
Events
Quiz Creation
Community
Videos
Private Events
Remove Ads
Sign In
Join for FREE
Feedback
Dark Mode
Quiz Categories
Sports
Geography
Music
Movies
Television
Just For Fun
Miscellaneous
History
Literature
Language
Science
Gaming
Entertainment
Religion
Holiday
For Kids
Quiz Lab
Recent
Popular Today
Quiz Kudos Today
Editor Picks
Curator Picks
Quizzes by...
Day
Popularity
Type
Ratings
Length
Year
Community
Subscriptions
Recent Discussions
Orange Saloon
Badges
Playlists
Quests
Create
Leaderboards
Showdown
Live 5
Trivia Bingo
Activity
Puzzle Library
Sporcle Events
Private Events
Virtual Trivia
Globe League
Become a Host
Pub Owners
SporcleCon
Opinionation
Our Games
Videos
Blog
Mobile Apps
Partnerships
Remove Ads and Go Orange
Feedback
Sports
Athletes
MLB
NBA
NHL
NFL
Soccer
Sports Teams
WWE
NCAA
Football
Premier League
Basketball
Baseball
Hockey
Golf
Tennis
Cricket
Rugby
Auto Racing
Olympics
World Cup
Sports
Athletes
MLB
NBA
NHL
NFL
Soccer
Sports Teams
WWE
NCAA
Football
Premier League
Basketball
Baseball
Hockey
Golf
Tennis
Cricket
Rugby
Auto Racing
Olympics
World Cup
Random Quiz
Search Sporcle
×
Quiz Lab
Quiz Lab
Sports
Famous
Type in answers that appear in a list
Type in answers that appear in a list
Classic
Best Score? Go Orange.
Allen Iverson talks about... Stats
Can you name the things Allen Iverson said in his famous presser??
By
Ant1978
5m
40 Questions
1,000 Plays
1,000 Plays
1,000 Plays
Comments
Comments
Give Quiz Kudos
Give Quiz Kudos
-
- Ratings
hide this ad
More Info
Forced Order
Answers have to be entered in order
Answers have to be entered in order
Replay
Link that replays current quiz
Next Quiz
Link to next quiz in quiz playlist
You Got
0%
They Got
Avg Score
69%
Avg Friend Score
Upgrade to see
Score Distribution
Jump to the score distribution portion of the page
Score
0/40
Timer
05:00
0
Plays Today
A.I.'s famous presser...
Fill In the blank
% Correct
...and we in here talking about...
practice.
97.9%
I mean, listen, we talkin' 'bout...
practice.
97.8%
We talkin' about...
practice.
96.6%
Not a...
game.
96.1%
Not a...
game.
95%
Not a...
game.
94.5%
Not a...
game.
94.5%
Not the...
game...
92.9%
I'm supposed to be the franchise...
player...
90.7%
We talkin' about...
practice.
85.2%
How silly is that? We talkin' 'bout...
practice.
85%
Not the...
game.
84%
I know I'm supposed to be there, I know I'm supposed to lead by....
example.
80.7%
and play every game like it's my
last.
80.1%
But we talkin' about...
practice,
79.1%
We talkin' about...
practice.
77.5%
We talkin' about...
practice.
77.4%
...man. What are we talking about?
Practice?
77.2%
We talkin' about...
practice,
76.8%
We ain't talkin' about the
game.
76.4%
A.I.'s famous presser...
Fill In the blank
% Correct
...right? But we talkin about....
practice.
66.2%
I know that. And I'm not shoving it aside like it don't mean...
anything.
66.1%
I do. I hoenstly...
do.
63.7%
I know it's...
important.
63.3%
...right now. We talkin' about...
prac----
62.8%
...when it matters. We talkin' about....
practice.
61.6%
...the actual...
game...
61.1%
...man. We're not even talking about the...
game...
60.6%
We talkin' about practice,
man.
60.5%
...to me too. But we talkin' about...
practice,
60.1%
How the...
hell...
58.5%
...don't you? You see me give everything I...
got.
55.7%
...and you see me...
play,
53.2%
...you see me...
play,
52.5%
...better by...
practicing?
45%
...can I make my...
teammates...
43.6%
...that I go out there and...
die for...
33.8%
Man, I hear you. Look, it's...
funny.
24.6%
...man. When you come in an...
arena...
23.1%
...to me too. It's
strange...
12.4%
Quiz Playlist
Details
Report
Send in Message
Add To Playlist
More Info:
Fill in the blanks of Allen Iverson's press conference. Not a game...
Classic:
Type in answers that appear in a list
Forced Order:
Answers have to be entered in order
Quiz Source
Last Updated: Feb 16, 2017
Quiz Scoreboard
CHALLENGE
Sign Up to Join the Scoreboard
Show All
Scores
Hide
Comments
May contain spoilers
Recently Published
NBA Finals Game Top Scorers (2010s)
by flibbidy
Sports
5m
Guess the 'R' Things in 3 Words
by MSUKent
Miscellaneous
3m
Actor to Badly Drawn Movie III
by MoMosMoProblems
Movies
5m
More to Explore
Quiz From the Vault
Featured Blog Post
Where Does Lost Luggage Go?
hide this ad
You Might Also Like...
Tags
Famous Quiz
allen
Allen Iverson
blank
Iverson
talk
Today's Top Quizzes in Sports
Browse Sports
hide this ad
Today's Top Quizzes in Famous
Browse Famous
Top Contributed Quizzes in Sports
1
Les joueurs à 100 buts en Ligue 1 Uber Eats
2
2022 World Cup Stars
3
2024 March Madness Bracket
4
Millionaire: NBA Finals Edition
5
Players with Multiple 50 Home Run Seasons
6
Criteria MLB: Left Handed Sluggers
7
Nickname Match: Athletes VI
8
Iconic Moments in Football - Multiple Choice
9
NFL MVPs ordered
10
NBA Championships Per City
Explore More
Trending Topics
Crossword
Kpop
NBA
Marvel
Disney
Harry Potter
Anime
WWE
Song
Soccer
NFL
The Office
Country
Puzzle
Pokémon
hide this ad
More By:
Ant1978
Quiz
Plays
Rating
Category
Featured
Created
Allen Iverson talks about...
1,000
4.20
Sports
Jan 3, 2010
Beast Machines Transformers toys
246
4.00
Television
Jan 4, 2011
Go to Creator's Profile
Score Distribution
Quiz Creator Spotlight
Ant1978
Follow
Send a Message
Quizzes Created
-
Created Quiz Play Count
-
More By This Creator
Popular Quizzes Today
1
Find the US States - No Outlines Minefield
2
Find the US States
3
The Countries of the World
4
10 Largest US States in Order
5
Find the Countries of Europe - No Outlines Minefield
6
US States
7
Guess the 'R' Things in 3 Words
8
NBA Finals Game Top Scorers (2010s)
More Sports Quizzes
Click the NCAA Bulldogs
Curator's Pick
Trending Quizzes
First Name TV: Leading Men
Match the Book to the Film II
First Name TV: Leading Women Drama
Pick A Pair: Religious TV
Match the Book to the Film VI
Recently Updated
Women's Final Four Teams by Year
bhenderson79
Presidents Quartet II
eogle
Anything But Clue(do)
eogle
Anything But Oceanian Capitals
eogle
Anything But 7
eogle
Anything But Thing
eogle
Word Ladder: February 29
pecheneg
Song Title Questions
pecheneg
Women's NCAA Tournament #1 Seeds
pecheneg
Celebrity Mug Shots
pecheneg
Trending Topics
NBA
Kpop
Crossword
Anime
Harry Potter
Marvel
Disney
Soccer
WWE
Country
Song
NFL
Pokémon
The Office
Puzzle
Your Account Isn't Verified!
In order to create a playlist on Sporcle, you need to verify the email address you used during registration. Go to your
Sporcle Settings
to finish the process.
Report this User
Report this user for behavior that violates our
Community Guidelines
.
Details:
Send Report
Go to the Sporcle.com Mobile Site →
Comments